Development and performance evaluation of a chapati processing machine (Record no. 14969)
[ view plain ]
| 000 -LEADER | |
|---|---|
| fixed length control field | 00714nam a22001817a 4500 |
| 003 - CONTROL NUMBER IDENTIFIER | |
| control field | OSt |
| 088 ## - REPORT NUMBER | |
| Report number | P 340 |
| 100 ## - MAIN ENTRY--AUTHOR NAME | |
| Personal name | AKHILA J. CHAND |
| -- | RASMI JANARDHANAN |
| -- | SANAD S |
| -- | SANDHYA K.R |
| 245 ## - TITLE STATEMENT | |
| Title | Development and performance evaluation of a chapati processing machine |
| 260 ## - PUBLICATION, DISTRIBUTION, ETC. (IMPRINT) | |
| Place of publication | Tavanur 2015 |
| Name of publisher | Department of f Food and Agricultural Process Engineering |
| 300 ## - PHYSICAL DESCRIPTION | |
| Number of Pages | 42 |
| 500 ## - GENERAL NOTE | |
| General note | Development and performance evaluation of a chapati processing machine |
| 520 ## - SUMMARY, ETC. | |
| Summary, etc | Development and performance evaluation of a chapati processing machine |
| 700 ## - ADDED ENTRY--PERSONAL NAME | |
| Personal name | Dr. Prince M.V (Guide) |
| 856 ## - ELECTRONIC LOCATION AND ACCESS | |
| Uniform Resource Identifier | https://drive.google.com/open?id=1SaNXpQ54Pr8ebgbsRpKcooGAp9GcciX- |
| 942 ## - ADDED ENTRY ELEMENTS (KOHA) | |
| Koha item type | Project Report |
| Collection code | Home library | Current library | Shelving location | Full call number | Accession Number | Koha item type |
|---|---|---|---|---|---|---|
| Reference | KAUAET | KAUAET | Reference | 664 AKH/DE | P 340 | Project Report |
